Family album, U.S.A

Bewaard in:
Bibliografische gegevens
Formaat: Boek
Taal:Undetermined
Onderwerpen:
Tags: Voeg label toe
Geen labels, Wees de eerste die dit record labelt!
Thư viện lưu trữ: Trung tâm Học liệu Trường Đại học Cần Thơ
LEADER 00466nam a2200133Ia 4500
001 CTU_121416
008 210402s9999 xx 000 0 und d
082 |a 428.34 
082 |b F198/Vid.2 
245 0 |a Family album, U.S.A 
650 |a English language,English language,Listening 
650 |x Spoken english,Problems, exercises, etc,Textbooks for foreign speakers,Problems, exercises, etc 
904 |i M.Loan 
980 |a Trung tâm Học liệu Trường Đại học Cần Thơ